13. dokumentum Mi az igazság az olasz-abesszin konfliktusban? : részletek /
Elmentve itt :
| Szerző: | |
|---|---|
| További közreműködők: | |
| Dokumentumtípus: | Könyv része |
| Megjelent: |
1999
|
| Sorozat: | Documenta Historica
"A Népszövetség halála" : dokumentumok az olasz-etióp konfliktus történetéből (1935-1936) |
| Kulcsszavak: | Olaszország története - 1935-1936 - forrás, Etiópia története - 20. sz. - forrás, Politika - nemzetközi - Olaszország |
| Tárgyszavak: | |
| Online Access: | http://acta.bibl.u-szeged.hu/10871 |
| LEADER | 00961naa a2200229 i 4500 | ||
|---|---|---|---|
| 001 | acta10871 | ||
| 005 | 20211208122547.0 | ||
| 008 | 161015s1999 hu o 0|| hun d | ||
| 022 | |a 1216-0954 | ||
| 040 | |a SZTE Egyetemi Kiadványok Repozitórium |b hun | ||
| 041 | |a hun | ||
| 100 | 1 | |a Shaw G. B. | |
| 245 | 1 | 0 | |a 13. dokumentum |h [elektronikus dokumentum] : |b Mi az igazság az olasz-abesszin konfliktusban? : részletek / |c Shaw G. B. |
| 260 | |c 1999 | ||
| 300 | |a 59-61 | ||
| 490 | 0 | |a Documenta Historica | |
| 490 | 0 | |a "A Népszövetség halála" : dokumentumok az olasz-etióp konfliktus történetéből (1935-1936) | |
| 650 | 4 | |a Bölcsészettudományok | |
| 650 | 4 | |a Történettudomány és régészet | |
| 695 | |a Olaszország története - 1935-1936 - forrás, Etiópia története - 20. sz. - forrás, Politika - nemzetközi - Olaszország | ||
| 700 | 0 | 1 | |a Szélinger Balázs |
| 856 | 4 | 0 | |u http://acta.bibl.u-szeged.hu/10871/1/doc_044_059-061.pdf |z Dokumentum-elérés |